01283cam a22003494a 450000100090000000300040000900500170001300800410003001000170007102000350008803500200012304000360014304200080017904300120018705000200019906000210021908200150024010000210025524500670027624600390034325000120038226000600039430000330045450000870048750400510057465000130062565000280063865000130066670000610067985600870074085601060082713004735OSt20220322122708.0021118s2003 nyua b 001 0 eng  a 2002043249 a0071406395 (pbk. : alk. paper) a(DNLM)101159813 aDNLM/DLCcALUPE UNIVERSITYdDLC apcc an-us---00aRT82b.J63 200310aWY 16bJ64k 200300a610.732211 aJoel, Lucille A.10aKelly's Dimensions of professional nursing /cLucille A. Joel.30aDimensions of professional nursing a9th ed. aNew York :bMcGraw-Hill, Medical Pub. Division,cc2003. aix, 759 p. :bill. ;c24 cm. aRev. ed. of: Dimensions of professional nursing / Lucie Young Kelly. 8th ed. 1999. aIncludes bibliographical references and index. 0aNursing. 0aNursingzUnited States.12aNursing.1 aKelly, Lucie Young.tDimensions of professional nursing.423Publisher descriptionuhttp://www.loc.gov/catdir/description/mh031/2002043249.html423Contributor biographical informationuhttp://www.loc.gov/catdir/enhancements/fy0705/2002043249-b.html